[Event "18 Torneo San Viator"]
[Site "Madrid ESP"]
[Date "2012.05.06"]
[Round "5.21"]
[White "Algaba Traspuesto, Jose Antonio"]
[Black "Sierra Soria, Maria"]
[Result "0-1"]
[WhiteElo "1674"]
[BlackElo "1766"]
[PlyCount "94"]
[EventDate "2012.03.25"]
[EventType "swiss"]
[EventRounds "9"]
[EventCountry "ESP"]
[Source "lmi"]
[SourceDate "2012.03.25"]

1. d4 f5 2. Nf3 g6 3. h4 Nf6 4. h5 gxh5 5. Nc3 d6 6. Bg5 Nbd7 7. Qd3 e6 8. e4
fxe4 9. Nxe4 Be7 10. Ng3 Nd5 11. Nxh5 Bxg5 12. Ng7+ Kf7 13. Rxh7 Rxh7 14. Qxh7
Nf8 15. Qh5+ Kxg7 16. Nxg5 Qf6 17. Bd3 Nf4 18. Qg4 Nxd3+ 19. cxd3 Ng6 20. O-O-O
Qf4+ 21. Qxf4 Nxf4 22. g3 Ne2+ 23. Kd2 Nxd4 24. Rh1 Kg6 25. f4 b6 26. Ke3 Bb7
27. Rh7 Nf5+ 28. Kf2 Ng7 29. g4 Rg8 30. Rh2 e5 31. Nh3 exf4 32. Nxf4+ Kg5 33.
Kg3 Re8 34. Nh3+ Kg6 35. Nf4+ Kf7 36. Rf2 Re3+ 37. Kh4 Rf3 38. Rxf3 Bxf3 39.
Kg3 Bb7 40. d4 Ne6 41. Nxe6 Kxe6 42. Kf4 Kd5 43. Ke3 Kc4 44. g5 Bd5 45. g6 Kb4
46. g7 Bxa2 47. Ke4 Bg8 0-1

[Event "18 Torneo San Viator"]
[Site "Madrid ESP"]
[Date "2012.05.06"]
[Round "5.22"]
[White "Moreno Zamora, Gregorio"]
[Black "Zhynguel Ramirez De Verger, Ale"]
[Result "1-0"]
[WhiteElo "1760"]
[BlackElo "1586"]
[PlyCount "55"]
[EventDate "2012.03.25"]
[EventType "swiss"]
[EventRounds "9"]
[EventCountry "ESP"]
[Source "lmi"]
[SourceDate "2012.03.25"]

1. d4 Nf6 2. c4 d6 3. Nc3 Nbd7 4. e4 e5 5. Nf3 Be7 6. Be2 O-O 7. h3 c6 8. Be3
a6 9. a4 Qc7 10. O-O Re8 11. Nh2 Bf8 12. d5 c5 13. Qc2 g6 14. f4 Bg7 15. f5 h6
16. Qd2 Kh7 17. g4 Ng8 18. h4 Qd8 19. g5 h5 20. f6 Bf8 21. Qd1 Ngxf6 22. gxf6
Nxf6 23. Bg5 Be7 24. Rf2 Nxd5 25. Nxd5 Bxg5 26. hxg5 Qxg5+ 27. Rg2 Qd8 28. Bxh5
1-0

[Event "18 Torneo San Viator"]
[Site "Madrid ESP"]
[Date "2012.05.06"]
[Round "5.23"]
[White "Ruiz Bazaga, Miriam"]
[Black "Cazorla Munoz, Francisco"]
[Result "0-1"]
[WhiteElo "1632"]
[BlackElo "1755"]
[PlyCount "72"]
[EventDate "2012.03.25"]
[EventType "swiss"]
[EventRounds "9"]
[EventCountry "ESP"]
[Source "lmi"]
[SourceDate "2012.03.25"]

1. e4 e6 2. d4 d5 3. e5 c5 4. c3 Nc6 5. Nf3 Qc7 6. Be2 Nge7 7. Na3 a6 8. O-O
Ng6 9. Be3 Be7 10. Rc1 O-O 11. Re1 c4 12. Nc2 f5 13. exf6 Bxf6 14. Qd2 h6 15.
b3 b5 16. Rb1 Bb7 17. Rec1 Rad8 18. Bd1 Be7 19. Nce1 Bd6 20. g3 Rf7 21. Bc2
Nce7 22. h4 Nf5 23. h5 Nge7 24. g4 Nxe3 25. Qxe3 Bf4 26. Qxe6 Bc8 27. Qe2 Bxg4
28. Bg6 Rf6 29. Rd1 Rdf8 30. Qc2 Nxg6 31. hxg6 Bf5 32. Qe2 Rxg6+ 33. Kh1 Be4
34. Ng2 Qd7 35. Kg1 Bxf3 36. Qf1 Qh3 0-1

[Event "18 Torneo San Viator"]
[Site "Madrid ESP"]
[Date "2012.05.06"]
[Round "5.24"]
[White "Gutierrez Mordini, Pablo"]
[Black "Ore Leon, Gustavo"]
[Result "1-0"]
[WhiteElo "1735"]
[BlackElo "1708"]
[PlyCount "87"]
[EventDate "2012.03.25"]
[EventType "swiss"]
[EventRounds "9"]
[EventCountry "ESP"]
[Source "lmi"]
[SourceDate "2012.03.25"]

1. d4 Nf6 2. c4 g6 3. Nc3 Bg7 4. Nf3 O-O 5. b4 d6 6. Bb2 a5 7. b5 Nbd7 8. e3 c6
9. Bd3 cxb5 10. Nxb5 Nb6 11. O-O Be6 12. Qe2 Qd7 13. d5 Bg4 14. Rab1 Na4 15.
Ba1 Nc5 16. Bc2 Rfc8 17. h3 Bxf3 18. Qxf3 Ne8 19. Bxg7 Kxg7 20. e4 e5 21. dxe6
Nxe6 22. Qc3+ Kg8 23. Rfd1 Qc6 24. f3 Qxc4 25. Qxc4 Rxc4 26. Bb3 Rc6 27. Bxe6
fxe6 28. Nd4 Rc7 29. Nxe6 Re7 30. Nf4 Kf7 31. Nd5 Re5 32. Rxb7+ Kg8 33. Rdb1
Rh5 34. Rb8 Rxb8 35. Rxb8 Kf7 36. Ra8 Ng7 37. Rxa5 h6 38. Ra7+ Kf8 39. Rd7 Ne8
40. a4 Ng7 41. Rd8+ Kf7 42. Rxd6 Re5 43. Rf6+ Ke8 44. Rxg6 1-0

[Event "18 Torneo San Viator"]
[Site "Madrid ESP"]
[Date "2012.05.06"]
[Round "5.25"]
[White "Franco Rincon, David"]
[Black "Andres Rodriguez, Florencio"]
[Result "1/2-1/2"]
[WhiteElo "1696"]
[BlackElo "1583"]
[PlyCount "86"]
[EventDate "2012.03.25"]
[EventType "swiss"]
[EventRounds "9"]
[EventCountry "ESP"]
[Source "lmi"]
[SourceDate "2012.03.25"]

1. e4 c5 2. Nc3 d6 3. g3 Nf6 4. Bg2 e5 5. d3 Nbd7 6. f4 g6 7. Nf3 Bg7 8. Rb1
O-O 9. O-O a6 10. h3 Nh5 11. Kh2 exf4 12. g4 Ng3 13. Rf2 g5 14. Ne2 Nxe2 15.
Qxe2 Ne5 16. Bd2 Be6 17. b3 h6 18. Qe1 Nxf3+ 19. Bxf3 Rb8 20. Rd1 b6 21. Bc3
Qc7 22. Bxg7 Kxg7 23. Qc3+ f6 24. d4 Rbd8 25. Rfd2 Rd7 26. d5 Bg8 27. Qd3 b5
28. c4 b4 29. Ra1 Ra8 30. a3 Qb6 31. Rda2 Rda7 32. Qd2 a5 33. a4 Bf7 34. Kg2
Re8 35. Rh1 Bg6 36. Qd3 Rae7 37. Re2 Qd8 38. h4 Re5 39. h5 Bh7 40. Rhe1 R8e7
41. Kf2 Qe8 42. Qc2 Qd8 43. Qd3 Qe8 1/2-1/2

[Event "18 Torneo San Viator"]
[Site "Madrid ESP"]
[Date "2012.05.06"]
[Round "5.27"]
[White "Perez Carballeira, Francisco"]
[Black "Rendo Quiros, Pedro"]
[Result "1/2-1/2"]
[WhiteElo "1593"]
[BlackElo "1643"]
[PlyCount "167"]
[EventDate "2012.03.25"]
[EventType "swiss"]
[EventRounds "9"]
[EventCountry "ESP"]
[Source "lmi"]
[SourceDate "2012.03.25"]

1. d4 d5 2. c4 e6 3. Nc3 Nf6 4. cxd5 exd5 5. Bg5 c6 6. e3 Be7 7. Bd3 h6 8. Bh4
O-O 9. Nge2 Re8 10. O-O Nbd7 11. Re1 Nf8 12. f3 Qc7 13. Bf2 Bd6 14. Ng3 Bd7 15.
Rc1 Rad8 16. e4 Bxg3 17. Bxg3 Qb6 18. exd5 Nxd5 19. Bf2 Rxe1+ 20. Qxe1 Qxb2 21.
Nxd5 cxd5 22. Rc5 Re8 23. Qb1 Qxb1+ 24. Bxb1 Bc6 25. Bd3 Ne6 26. Ra5 a6 27. Ra3
Nf4 28. Bf1 Ne2+ 29. Kh1 Bb5 30. Rb3 Nc1 31. Rb1 Nxa2 32. Bxb5 axb5 33. Rxb5
Re2 34. Kg1 Nc3 35. Rb3 Nd1 36. Bg3 Ne3 37. Bf2 Nd1 38. Bg3 Rb2 39. Rxb2 Nxb2
40. Bd6 b5 41. Kf2 b4 42. Ke2 b3 43. Bb4 Nc4 44. Kd3 b2 45. Kc2 Ne3+ 46. Kxb2
Nxg2 47. Bd6 Ne3 48. Kc3 f6 49. Kd3 Nf5 50. Bc5 Kf7 51. Ke2 h5 52. f4 g5 53.
Kf3 g4+ 54. Kf2 Ke6 55. Ke2 Nh4 56. Kf2 Kf5 57. Kg3 Nf3 58. h3 h4+ 59. Kf2 Kxf4
60. Bd6+ Kf5 61. Ke3 Ng5 62. hxg4+ Kxg4 63. Bh2 h3 64. Kf2 Nf3 65. Bd6 h2 66.
Kg2 h1=Q+ 67. Kxh1 Nxd4 68. Kg2 Nf3 69. Kf2 f5 70. Ke3 d4+ 71. Kd3 f4 72. Ke4
Ng5+ 73. Kxd4 f3 74. Ke3 Kh3 75. Kf2 Kg4 76. Bc7 Ne4+ 77. Kf1 Kh3 78. Bb8 Kg4
79. Bc7 Kf5 80. Bb8 Nf6 81. Kf2 Ke4 82. Ba7 Ng4+ 83. Kf1 Kd3 84. Bb6 1/2-1/2

[Event "18 Torneo San Viator"]
[Site "Madrid ESP"]
[Date "2012.05.06"]
[Round "5.32"]
[White "Jimenez Sanchez, Juan Daniel"]
[Black "Villarroya Samaniego, Javier"]
[Result "1-0"]
[WhiteElo "1420"]
[BlackElo "1505"]
[PlyCount "50"]
[EventDate "2012.03.25"]
[EventType "swiss"]
[EventRounds "9"]
[EventCountry "ESP"]
[Source "lmi"]
[SourceDate "2012.03.25"]

1. d4 Nf6 2. c4 g6 3. Nc3 Bg7 4. e4 d6 5. f3 O-O 6. Bd3 c5 7. d5 Nbd7 8. Bg5
Ne5 9. Be2 a6 10. Qd2 Ned7 11. Bh6 Nb6 12. Bxg7 Kxg7 13. O-O-O e6 14. h3 e5 15.
g4 h5 16. h4 Rh8 17. g5 Nfd7 18. Rf1 f6 19. Nh3 Rb8 20. f4 Nf8 21. f5 gxf5 22.
exf5 Nfd7 23. Rhg1 Kf7 24. Ne4 Nf8 25. gxf6 Rh7 1-0

[Event "18 Torneo San Viator"]
[Site "Madrid ESP"]
[Date "2012.05.13"]
[Round "6.3"]
[White "Vallejo Nuno, Jorge"]
[Black "Garcia Sanjuan, Jose"]
[Result "1-0"]
[WhiteElo "2068"]
[BlackElo "1894"]
[PlyCount "59"]
[EventDate "2012.03.25"]
[EventType "swiss"]
[EventRounds "9"]
[EventCountry "ESP"]
[Source "lmi"]
[SourceDate "2012.03.25"]

1. e4 b6 2. d4 Bb7 3. Nc3 g6 4. Nf3 Bg7 5. Bd3 Nc6 6. Be3 Nb4 7. Bc4 e6 8. a3
Na6 9. Qe2 Qc8 10. Bf4 Ne7 11. O-O h6 12. Rad1 g5 13. Bg3 Ng6 14. Nb5 O-O 15.
e5 Nb8 16. h4 a6 17. Nc3 Qd8 18. hxg5 hxg5 19. Ne4 Bxe4 20. Qxe4 Nc6 21. d5
exd5 22. Bxd5 Qe7 23. Qxg6 Nd8 24. Nxg5 Re8 25. Qh7+ Kf8 26. Qf5 c6 27. Bxf7
Nxf7 28. Rxd7 Qxd7 29. Qxd7 Nxg5 30. Qf5+ 1-0

[Event "18 Torneo San Viator"]
[Site "Madrid ESP"]
[Date "2012.05.13"]
[Round "6.4"]
[White "Bermejo Redondo, Oscar"]
[Black "Julian Serra, Rogelio"]
[Result "1-0"]
[WhiteElo "1883"]
[BlackElo "2042"]
[PlyCount "117"]
[EventDate "2012.03.25"]
[EventType "swiss"]
[EventRounds "9"]
[EventCountry "ESP"]
[Source "lmi"]
[SourceDate "2012.03.25"]

1. d4 g6 2. c4 Bg7 3. e4 c5 4. d5 d6 5. Nc3 Nf6 6. Bd3 O-O 7. Nge2 e6 8. O-O
Ng4 9. f3 Ne5 10. Kh1 Nxd3 11. Qxd3 f5 12. Be3 Nd7 13. dxe6 Nb6 14. exf5 Rxf5
15. Rad1 Bxe6 16. b3 Bf8 17. Ng3 Re5 18. Bf4 Bf5 19. Qd2 Re6 20. Nd5 Bg7 21.
Bg5 Qd7 22. Nxf5 gxf5 23. Nf4 Ree8 24. Nd5 Qf7 25. Nxb6 axb6 26. Qxd6 Rxa2 27.
Rfe1 Rae2 28. Rxe2 Rxe2 29. Qg3 h5 30. Bf4 Qe8 31. h4 Kh7 32. Qg5 Bd4 33. Qxf5+
Qg6 34. Qxg6+ Kxg6 35. Kh2 Kf5 36. Bg5 Rb2 37. Rd3 Rb1 38. Kg3 Rf1 39. Be3 Be5+
40. f4 Ke4 41. Rd7 Bd4 42. Re7+ Kd3 43. Bxd4 cxd4 44. Re5 Kc3 45. Rxh5 d3 46.
Rd5 d2 47. h5 d1=Q 48. Rxd1 Rxd1 49. f5 Kd4 50. Kf4 Rf1+ 51. Kg5 Ke4 52. g4 b5
53. h6 bxc4 54. bxc4 Kd4 55. h7 Rh1 56. Kg6 Kxc4 57. Kg7 b5 58. f6 Rh4 59. h8=Q
1-0

[Event "18 Torneo San Viator"]
[Site "Madrid ESP"]
[Date "2012.05.13"]
[Round "6.5"]
[White "Garcia-Ruiz Fuentes, Angel M"]
[Black "Sanchez Obregon, Diego"]
[Result "0-1"]
[WhiteElo "1873"]
[BlackElo "2042"]
[PlyCount "64"]
[EventDate "2012.03.25"]
[EventType "swiss"]
[EventRounds "9"]
[EventCountry "ESP"]
[Source "lmi"]
[SourceDate "2012.03.25"]

1. e4 c5 2. Nf3 d6 3. d4 cxd4 4. Nxd4 Nf6 5. Nc3 a6 6. Bc4 Qc7 7. Bb3 e6 8. O-O
Nbd7 9. Bxe6 fxe6 10. Nxe6 Qb6 11. Nd5 Nxd5 12. exd5 Nc5 13. Nxg7+ Bxg7 14.
Re1+ Kd8 15. Bg5+ Kc7 16. Re7+ Bd7 17. Rxg7 Qxb2 18. Rf7 Raf8 19. Bf6 Qb4 20.
Qh5 Rxf7 21. Qxf7 Re8 22. c3 Qb2 23. Rf1 Qxa2 24. h4 Qc2 25. h5 Qe4 26. h6 b5
27. f4 Qf5 28. Qg7 Re2 29. Rf3 Ne4 30. Bd4 Nd2 31. Re3 Qb1+ 32. Kh2 Nf1+ 0-1

[Event "18 Torneo San Viator"]
[Site "Madrid ESP"]
[Date "2012.05.13"]
[Round "6.6"]
[White "Sanchez Lopez, Maria"]
[Black "Rodriguez Diaz, Alberto Jose"]
[Result "1/2-1/2"]
[WhiteElo "1799"]
[BlackElo "1979"]
[PlyCount "125"]
[EventDate "2012.03.25"]
[EventType "swiss"]
[EventRounds "9"]
[EventCountry "ESP"]
[Source "lmi"]
[SourceDate "2012.03.25"]

1. d4 d5 2. c4 c6 3. Nf3 Nf6 4. Nc3 dxc4 5. a4 Bf5 6. Ne5 Nbd7 7. Nxc4 Nb6 8.
Ne5 a5 9. f3 Nfd7 10. Nd3 e6 11. e4 Bg6 12. Be3 Bd6 13. Qb3 Qc7 14. g3 O-O 15.
Rc1 Qb8 16. Bg2 Bc7 17. O-O Kh8 18. Rfd1 Nc8 19. Bf4 Nd6 20. Kh1 Re8 21. Bh3 f5
22. e5 Nc8 23. Be3 Ne7 24. f4 Nd5 25. Nxd5 cxd5 26. Qb5 Nb6 27. Nc5 Re7 28. Bf1
Be8 29. Qb3 Bd8 30. Qa3 Nc4 31. Bxc4 dxc4 32. Nxe6 Bc6+ 33. d5 Bd7 34. Nd4 b5
35. axb5 Bxb5 36. Nxf5 Qb7 37. Nxe7 Bxe7 38. Bc5 Rd8 39. Bxe7 Rxd5 40. Kg1 Qb6+
41. Bc5 Qe6 42. Be3 h6 43. Rxd5 Qxd5 44. Qc5 Qe4 45. g4 Bd7 46. Qd4 Qf3 47. Rf1
Qxg4+ 48. Kf2 Qh4+ 49. Ke2 Qxh2+ 50. Bf2 Bg4+ 51. Kd2 Be6 52. Qe3 Qg2 53. Rg1
Qb7 54. Qd4 Qb3 55. Qc3 Qb5 56. Rg6 Bf5 57. Rd6 Qa4 58. Ke3 Qb5 59. Qd4 Qb3+
60. Qc3 Qb5 61. Kf3 Qb7+ 62. Kg3 Qh1 63. Qf3 1/2-1/2

[Event "18 Torneo San Viator"]
[Site "Madrid ESP"]
[Date "2012.05.13"]
[Round "6.7"]
[White "Lobato Rivero, Carlos"]
[Black "Fernandez Garcia, Javier"]
[Result "1-0"]
[WhiteElo "1958"]
[BlackElo "2006"]
[PlyCount "63"]
[EventDate "2012.03.25"]
[EventType "swiss"]
[EventRounds "9"]
[EventCountry "ESP"]
[Source "lmi"]
[SourceDate "2012.03.25"]

1. e4 e6 2. d4 d5 3. e5 c5 4. c3 Qb6 5. Nf3 Nc6 6. Bd3 cxd4 7. cxd4 Bd7 8. Bc2
Nb4 9. Nc3 Nxc2+ 10. Qxc2 Ne7 11. O-O Nf5 12. Be3 Rc8 13. Qd2 Be7 14. Bf4 O-O
15. g4 Nh4 16. Nxh4 Bxh4 17. g5 f6 18. gxf6 gxf6 19. Kh1 Be8 20. Bh6 Rf7 21.
Rg1+ Kh8 22. Rg4 fxe5 23. Rag1 Bc6 24. Bg7+ Rxg7 25. Rxg7 Qxd4 26. Qh6 Qd3 27.
Qxh4 d4+ 28. R7g2 Qf3 29. Qg5 Qxg2+ 30. Rxg2 Bxg2+ 31. Qxg2 dxc3 32. Qxb7 1-0

[Event "18 Torneo San Viator"]
[Site "Madrid ESP"]
[Date "2012.05.13"]
[Round "6.8"]
[White "Gomez Dorado, Ernesto"]
[Black "Noval Toldos, Francisco Javier"]
[Result "1/2-1/2"]
[WhiteElo "1648"]
[BlackElo "1977"]
[PlyCount "97"]
[EventDate "2012.03.25"]
[EventType "swiss"]
[EventRounds "9"]
[EventCountry "ESP"]
[Source "lmi"]
[SourceDate "2012.03.25"]

1. e4 c5 2. Nf3 d6 3. d4 cxd4 4. Nxd4 Nf6 5. Nc3 g6 6. Be3 Bg7 7. f3 O-O 8. Qd2
Nc6 9. Bc4 Bd7 10. O-O-O Rb8 11. Bb3 Na5 12. Bh6 Bxh6 13. Qxh6 b5 14. h4 b4 15.
Nd5 e5 16. Nf5 Bxf5 17. exf5 Nxb3+ 18. axb3 Nxd5 19. Rxd5 Qf6 20. g4 Rb7 21.
Rhd1 Rd8 22. h5 Rdd7 23. f4 exf4 24. hxg6 fxg6 25. fxg6 hxg6 26. Rg5 Rg7 27.
Rf5 Qe6 28. Rxf4 Qe3+ 29. Kb1 Rbf7 30. Rdf1 Rxf4 31. Rxf4 Qb6 32. g5 Qb5 33.
Qh1 Qxg5 34. Rxb4 Qh5 35. Rh4 Qb5 36. Qa8+ Kf7 37. Qxa7+ Kf6 38. Qd4+ Qe5 39.
Rf4+ Kg5 40. Rg4+ Kf5 41. Qg1 g5 42. Ra4 g4 43. Qf2+ Kg5 44. Qd2+ Kf6 45. Qf2+
Ke6 46. Qg2 Qe1+ 47. Ka2 d5 48. Rxg4 Qa5+ 49. Kb1 1/2-1/2

[Event "18 Torneo San Viator"]
[Site "Madrid ESP"]
[Date "2012.05.13"]
[Round "6.10"]
[White "Garcia Otero, Pedro"]
[Black "Perez Calahorra, Ricardo"]
[Result "0-1"]
[WhiteElo "1701"]
[BlackElo "2158"]
[PlyCount "95"]
[EventDate "2012.03.25"]
[EventType "swiss"]
[EventRounds "9"]
[EventCountry "ESP"]
[Source "lmi"]
[SourceDate "2012.03.25"]

1. d4 Nf6 2. Nf3 e6 3. Bf4 c5 4. c3 Nc6 5. h3 Qb6 6. Qb3 Qxb3 7. axb3 cxd4 8.
Nxd4 Nxd4 9. cxd4 Nd5 10. Bh2 Bb4+ 11. Nd2 f5 12. e3 b6 13. Bd3 Bb7 14. Ke2 O-O
15. Nc4 f4 16. e4 Nf6 17. f3 d5 18. exd5 Nxd5 19. Rhc1 a6 20. Bg1 Rac8 21. Ne5
Bd6 22. Nc4 Be7 23. Ne5 Rfd8 24. Rxc8 Rxc8 25. Kd1 Nb4 26. Bc4 Bd5 27. Bxd5
exd5 28. Rc1 Rxc1+ 29. Kxc1 Bd6 30. Kd2 g5 31. Nd7 Bc7 32. Nf6+ Kf7 33. Ng4 Ke6
34. Kc3 a5 35. Bf2 h5 36. Ne5 Bd6 37. Nd3 Nc6 38. Ne1 Kf5 39. Kd3 Ne7 40. Nc2
Ke6 41. Ke2 Nf5 42. Ne1 Be7 43. g4 fxg3 44. Bg1 Bf6 45. Kd3 Nh4 46. Ke2 Nf5 47.
Kd3 Nh4 48. Ke2 0-1

[Event "18 Torneo San Viator"]
[Site "Madrid ESP"]
[Date "2012.05.13"]
[Round "6.11"]
[White "Sierra Soria, Maria"]
[Black "Cabanas Bravo, Juan Andres"]
[Result "0-1"]
[WhiteElo "1766"]
[BlackElo "2092"]
[PlyCount "48"]
[EventDate "2012.03.25"]
[EventType "swiss"]
[EventRounds "9"]
[EventCountry "ESP"]
[Source "lmi"]
[SourceDate "2012.03.25"]

1. e4 e5 2. Nf3 Nc6 3. Bb5 Qf6 4. Nc3 Bc5 5. d3 Nd4 6. Nxd4 Bxd4 7. Be3 Bxe3 8.
fxe3 c6 9. Bc4 Qh4+ 10. g3 Qh6 11. Qe2 Nf6 12. O-O-O d5 13. exd5 Bg4 14. Qf2
Bxd1 15. Rxd1 O-O 16. dxc6 bxc6 17. Re1 Qh3 18. Rf1 Ng4 19. Qe2 Nxe3 20. Bxf7+
Kh8 21. Rf3 Ng4 22. Bb3 Nxh2 23. Rxf8+ Rxf8 24. Ne4 Qh6+ 0-1

[Event "18 Torneo San Viator"]
[Site "Madrid ESP"]
[Date "2012.05.13"]
[Round "6.12"]
[White "Munoz Manzano, Jose Manuel"]
[Black "Moreno Zamora, Gregorio"]
[Result "1-0"]
[WhiteElo "1911"]
[BlackElo "1760"]
[PlyCount "77"]
[EventDate "2012.03.25"]
[EventType "swiss"]
[EventRounds "9"]
[EventCountry "ESP"]
[Source "lmi"]
[SourceDate "2012.03.25"]

1. c4 Nf6 2. Nc3 e6 3. d4 d5 4. cxd5 exd5 5. Bg5 Be7 6. Qc2 c6 7. e3 O-O 8. Bd3
Nbd7 9. Nge2 Re8 10. O-O Nf8 11. Rae1 h6 12. Bxf6 Bxf6 13. Ng3 Be6 14. f3 Rc8
15. Nh5 Be7 16. Nf4 Bf6 17. Kh1 a6 18. Na4 Nd7 19. b4 a5 20. Nc5 Nxc5 21. bxc5
b5 22. cxb6 Qxb6 23. Rb1 Qa7 24. Nxe6 fxe6 25. Rfc1 e5 26. dxe5 Bxe5 27. e4 d4
28. g3 g5 29. f4 gxf4 30. gxf4 Bxf4 31. Rg1+ Kh8 32. Rbf1 Qc7 33. Qf2 Be5 34.
Qh4 Bg7 35. Rf6 Rf8 36. Rxg7 Qxg7 37. Rxh6+ Kg8 38. Bc4+ Rf7 39. Bxf7+ 1-0

[Event "18 Torneo San Viator"]
[Site "Madrid ESP"]
[Date "2012.05.13"]
[Round "6.13"]
[White "Tolosana Esteban, Enrique"]
[Black "Garcia Carcedo, Jesus"]
[Result "1-0"]
[WhiteElo "1743"]
[BlackElo "1842"]
[PlyCount "121"]
[EventDate "2012.03.25"]
[EventType "swiss"]
[EventRounds "9"]
[EventCountry "ESP"]
[Source "lmi"]
[SourceDate "2012.03.25"]

1. e4 e6 2. d4 d5 3. Nc3 Bb4 4. e5 c5 5. a3 Bxc3+ 6. bxc3 Qc7 7. Nf3 Nc6 8. Bd3
c4 9. Be2 Nge7 10. O-O h6 11. Qd2 b6 12. a4 Na5 13. Ba3 Nb7 14. Qf4 Ng6 15. Qg3
Bd7 16. Nh4 Nxh4 17. Qxh4 Qd8 18. Qg3 Qg5 19. Bc1 Qxg3 20. fxg3 O-O 21. Ba3
Rfc8 22. Rf2 Bxa4 23. Bh5 Be8 24. Raf1 Rc7 25. Bg4 a5 26. h4 b5 27. Bh3 Ra6 28.
g4 Rb6 29. g5 hxg5 30. hxg5 b4 31. Rb1 b3 32. g6 Nd8 33. cxb3 Rxb3 34. Ra1 Rcb7
35. Kh2 Rxc3 36. Bc5 a4 37. gxf7+ Rxf7 38. Rxf7 Kxf7 39. Rf1+ Kg6 40. Be7 a3
41. Bxd8 Bf7 42. Ra1 Rb3 43. Be7 Rd3 44. Bxa3 Rxd4 45. Rc1 Rd3 46. Bb4 Re3 47.
Bc3 Rd3 48. g3 d4 49. Bb4 c3 50. Rc2 Re3 51. Rf2 Rxe5 52. Bf1 Rd5 53. Bd3+ Kh6
54. Rxf7 Re5 55. Bf8 c2 56. Rxg7 Kh5 57. Rh7+ Kg4 58. Bh6 Rh5+ 59. Kg2 Rxh6 60.
Rg7+ Kh5 61. Be2# 1-0

[Event "18 Torneo San Viator"]
[Site "Madrid ESP"]
[Date "2012.05.13"]
[Round "6.14"]
[White "Magan Gonzalez, Alberto"]
[Black "Gutierrez Mordini, Pablo"]
[Result "1-0"]
[WhiteElo "1828"]
[BlackElo "1735"]
[PlyCount "113"]
[EventDate "2012.03.25"]
[EventType "swiss"]
[EventRounds "9"]
[EventCountry "ESP"]
[Source "lmi"]
[SourceDate "2012.03.25"]

1. e4 e5 2. Nf3 Nc6 3. Bb5 Nf6 4. O-O Bc5 5. c3 O-O 6. d4 Be7 7. Bxc6 dxc6 8.
Nxe5 Nxe4 9. Re1 Nf6 10. Nd2 c5 11. Nf1 cxd4 12. cxd4 Be6 13. b3 c6 14. Bb2 Qb6
15. Qe2 Rad8 16. Nxf7 Bxf7 17. Qxe7 Rd5 18. Ne3 Rd7 19. Qe5 Nd5 20. Qg5 Qc7 21.
Nc4 Bg6 22. Ne5 Qd8 23. Qg3 Rc7 24. Nxg6 hxg6 25. Qxg6 Rcf7 26. f3 Qf6 27. Qxf6
gxf6 28. Re4 Rg7 29. Rae1 Kf7 30. g3 Rh8 31. Rg4 Rgh7 32. h4 Rh5 33. Bc1 R5h7
34. Kg2 Rh5 35. Kh3 R5h7 36. Bd2 Rh5 37. Re2 R5h7 38. Be1 Rd8 39. Rge4 Rhh8 40.
f4 Rde8 41. Rxe8 Rxe8 42. Rxe8 Kxe8 43. Bd2 f5 44. g4 fxg4+ 45. Kxg4 Nf6+ 46.
Kf5 Kf7 47. Bb4 Nd5 48. Bd6 Ne3+ 49. Kg5 Nd5 50. h5 Nc3 51. Be5 Ne4+ 52. Kg4 c5
53. h6 Kg6 54. dxc5 Nxc5 55. Bd4 Nd3 56. Bxa7 Nc1 57. f5+ 1-0

[Event "18 Torneo San Viator"]
[Site "Madrid ESP"]
[Date "2012.05.13"]
[Round "6.15"]
[White "Ramos Pinto, Jose Maria"]
[Black "Alonso Herrero, Ignacio"]
[Result "0-1"]
[WhiteElo "1593"]
[BlackElo "1809"]
[PlyCount "74"]
[EventDate "2012.03.25"]
[EventType "swiss"]
[EventRounds "9"]
[EventCountry "ESP"]
[Source "lmi"]
[SourceDate "2012.03.25"]

1. e4 e6 2. d4 d5 3. Nc3 dxe4 4. Nxe4 Bd7 5. Nf3 Bc6 6. Bd3 Nd7 7. O-O Ngf6 8.
Re1 Be7 9. Ng3 O-O 10. a3 a6 11. c4 Nb6 12. Ne5 Be8 13. Be3 Nbd7 14. b4 Kh8 15.
f4 Ng8 16. Qf3 Rb8 17. c5 Ngf6 18. Be4 Nxe4 19. Nxe4 Nxe5 20. dxe5 Bc6 21. Rad1
Qe8 22. Bd4 Rd8 23. Qe3 a5 24. Nf6 gxf6 25. exf6 Bxc5 26. bxc5 Rg8 27. g3 Bd5
28. Qc3 Qc6 29. Re5 Bh1 30. Qc2 Bf3 31. Rd2 Qb5 32. Qc3 Qb1+ 33. Kf2 Bc6 34.
Re1 Qf5 35. Qxa5 Qh3 36. Ke3 Rxg3+ 37. hxg3 Qxg3+ 0-1

[Event "18 Torneo San Viator"]
[Site "Madrid ESP"]
[Date "2012.05.13"]
[Round "6.16"]
[White "Padin Lazaro, Jose Manuel"]
[Black "Castro Uceda, Jose Antonio"]
[Result "1-0"]
[WhiteElo "1799"]
[BlackElo "1658"]
[PlyCount "61"]
[EventDate "2012.03.25"]
[EventType "swiss"]
[EventRounds "9"]
[EventCountry "ESP"]
[Source "lmi"]
[SourceDate "2012.03.25"]

1. e4 c5 2. Nf3 d6 3. d4 cxd4 4. Nxd4 Nf6 5. Nc3 a6 6. Bc4 e6 7. Bb3 Be7 8. g4
g6 9. h3 Nc6 10. Be3 Nxd4 11. Qxd4 O-O 12. O-O-O b5 13. f3 e5 14. Qd2 Bb7 15.
h4 b4 16. Na4 a5 17. h5 Nxe4 18. fxe4 Bxe4 19. Rhf1 g5 20. Nb6 Ra6 21. Nd5 h6
22. Nxe7+ Qxe7 23. Bd5 Bh7 24. Rf2 Kg7 25. Rdf1 Bg8 26. Qd3 Ra7 27. Bxa7 Qxa7
28. Rf6 Qd7 29. Rg6+ fxg6 30. Qxg6+ Kh8 31. Rxf8 1-0

[Event "18 Torneo San Viator"]
[Site "Madrid ESP"]
[Date "2012.05.13"]
[Round "6.19"]
[White "Ruiz Escobar, Israel"]
[Black "Andres Rodriguez, Florencio"]
[Result "1-0"]
[WhiteElo "1821"]
[BlackElo "1583"]
[PlyCount "70"]
[EventDate "2012.03.25"]
[EventType "swiss"]
[EventRounds "9"]
[EventCountry "ESP"]
[Source "lmi"]
[SourceDate "2012.03.25"]

1. d4 Nf6 2. Bf4 d5 3. Nf3 e6 4. e3 Bd6 5. Bg3 Nc6 6. Nbd2 O-O 7. c3 Re8 8. Ne5
Ne7 9. Bd3 c5 10. Bb5 Nd7 11. Nxf7 Kxf7 12. Bxd6 Qb6 13. Bxd7 Bxd7 14. Bxe7
Rxe7 15. Qb3 Qxb3 16. Nxb3 c4 17. Nd2 Rf8 18. O-O Kg8 19. Nf3 Be8 20. Ne5 Bh5
21. f3 g5 22. b3 Rc7 23. bxc4 Rfc8 24. c5 Be8 25. e4 Bb5 26. Rfb1 Ba4 27. Rb4
Bc2 28. Rc1 a5 29. Rb6 Ba4 30. Rxe6 dxe4 31. fxe4 Be8 32. Rf1 b6 33. Rxb6 Bf7
34. Nxf7 Rxf7 35. Rxf7 Kxf7 1-0

[Event "18 Torneo San Viator"]
[Site "Madrid ESP"]
[Date "2012.05.13"]
[Round "6.21"]
[White "Carballido Mateo, Ignacio"]
[Black "Rodriguez Varela, Alvaro"]
[Result "0-1"]
[WhiteElo "1395"]
[BlackElo "1751"]
[PlyCount "55"]
[EventDate "2012.03.25"]
[EventType "swiss"]
[EventRounds "9"]
[EventCountry "ESP"]
[Source "lmi"]
[SourceDate "2012.03.25"]

1. b3 e5 2. Bb2 Nc6 3. e3 Nf6 4. Bb5 d6 5. c4 Be7 6. d4 exd4 7. Bxc6+ bxc6 8.
exd4 d5 9. c5 O-O 10. Nf3 Ba6 11. Ne5 Re8 12. f3 Nh5 13. Kf2 Bh4+ 14. g3 f6 15.
Nd3 Bg5 16. f4 Bh6 17. Nc3 g6 18. Qd2 Qd7 19. Kg2 Re7 20. Rae1 Rae8 21. Rxe7
Rxe7 22. Re1 Bxd3 23. Rxe7 Be4+ 24. Rxe4 dxe4 25. Nxe4 Qd5 26. Qa5 Qxe4+ 27.
Kh3 Qf3 28. Qxc7 0-1